[Event "Trelew op"]
[Site "Trelew"]
[Date "2021.03.06"]
[Round "4"]
[White "Arevalo, Santiago Martin"]
[Black "Wisniacki, Flavio"]
[Result "0-1"]
[WhiteElo "2050"]
[BlackElo "2184"]
[PlyCount "70"]
[EventDate "2021.03.04"]
[EventType "swiss"]
[EventRounds "6"]
[EventCountry "ARG"]
[SourceTitle "EXT 2022"]
[Source "ChessBase"]
[SourceDate "2021.10.06"]
[SourceVersion "1"]
[SourceVersionDate "2021.10.06"]
[SourceQuality "1"]

1. d4 Nf6 2. Bf4 e6 3. e3 b6 4. Nf3 Be7 5. h3 0-0 6. Bd3 Bb7 7. Nbd2 c5 8. c3 d6 9. Qe2 Nc6 10. 0-0 Re8 11. Rad1 Bf8 12. Ne4 Nd5 13. Neg5 g6 14. Bg3 cxd4 15. e4 Nc7 16. e5 dxe5 17. Bb5 Nxb5 18. Qxb5 h6 19. Nxf7 Kxf7 20. Bxe5 Qd5 21. Qe2 Nxe5 22. Nxe5+ Kg7 23. f4 Qe4 24. Qg4 Rad8 25. cxd4 Rxd4 26. Rxd4 Bc5 27. Rfd1 Bxd4+ 28. Kh1 Bxe5 29. Rd7+ Kf8 30. fxe5 Qxg4 31. hxg4 Re7 32. Rd8+ Kg7 33. Kh2 Bd5 34. a4 Rc7 35. g3 Rc1 0-1

[Event "Neuquen U2200 op"]
[Site "Neuquen"]
[Date "2017.08.20"]
[Round "6.5"]
[White "Arevalo, Santiago Martin"]
[Black "Villagra, Juan Carlos"]
[Result "1-0"]
[WhiteElo "2081"]
[BlackElo "1856"]
[PlyCount "85"]
[EventDate "2017.08.18"]
[EventType "swiss"]
[EventRounds "6"]
[EventCountry "ARG"]
[SourceTitle "EXT 2024"]
[Source "ChessBase"]
[SourceDate "2023.10.10"]
[SourceVersion "1"]
[SourceVersionDate "2023.10.10"]
[SourceQuality "1"]

1. d4 Nf6 2. Bf4 d6 3. e3 h6 4. h3 g5 5. Bg3 Bg7 6. Nf3 Ne4 7. Bh2 c5 8. c3 Nc6 9. Nbd2 Nxd2 10. Qxd2 cxd4 11. exd4 Bf5 12. d5 Nb8 13. Nd4 Be4 14. Nb3 a5 15. a4 Nd7 16. f3 Bh7 17. Bb5 0-0 18. 0-0 Qb6+ 19. Kh1 Nc5 20. Qe3 Qc7 21. Nxc5 Qxc5 22. Qxc5 dxc5 23. Rfe1 Bf6 24. Rad1 Rfd8 25. Bc7 Rdc8 26. Bb6 Bc2 27. Rd2 Bf5 28. g4 Bg6 29. Bd7 c4 30. Bxc8 Rxc8 31. d6 exd6 32. Rxd6 Bg7 33. Rd8+ Rxd8 34. Bxd8 Bc2 35. Ra1 Be5 36. Bxa5 Kg7 37. Bb6 Bf4 38. a5 Kg6 39. Kg2 h5 40. Re1 h4 41. Re7 Bc1 42. Rxb7 Bxb2 43. Bd4 1-0

[Event "Neuquen U2200 op"]
[Site "Neuquen"]
[Date "2017.05.25"]
[Round "1.4"]
[White "Molina, Facundo Ezequiel"]
[Black "Arevalo, Santiago Martin"]
[Result "0-1"]
[WhiteElo "1104"]
[BlackElo "2085"]
[PlyCount "74"]
[EventDate "2017.05.25"]
[EventType "swiss"]
[EventRounds "6"]
[EventCountry "ARG"]
[SourceTitle "EXT 2024"]
[Source "ChessBase"]
[SourceDate "2023.10.10"]
[SourceVersion "1"]
[SourceVersionDate "2023.10.10"]
[SourceQuality "1"]

1. e4 e5 2. Nf3 d6 3. h3 Be7 4. Bc4 Nf6 5. 0-0 Nxe4 6. d3 Nf6 7. Nc3 0-0 8. Bg5 Nc6 9. Qd2 Be6 10. Bb3 Nh5 11. Bxe7 Qxe7 12. Qe2 Nf4 13. Qe4 f5 14. Qe3 g5 15. Bxe6+ Nxe6 16. Nd5 Qg7 17. Rae1 Nf4 18. Nxf4 gxf4 19. Qe2 Kh8 20. c3 Rg8 21. g3 fxg3 22. fxg3 Qxg3+ 23. Kh1 Qxh3+ 24. Nh2 Rg3 25. d4 Rag8 26. Rf2 e4 27. Qc2 Qh5 28. Ref1 Qg5 29. Qd1 Ne7 30. d5 Qg7 31. c4 Qe5 32. Qh5 f4 33. Qh4 Ng6 34. Qh6 e3 35. Re2 Qe4+ 36. Nf3 Rxf3 37. Rfe1 Rf2+ 0-1

[Event "La Pampa Centro de la Republica "]
[Site "La Pampa"]
[Date "2015.10.11"]
[Round "5.2"]
[White "Arevalo, Santiago Martin"]
[Black "Rossi, Juan"]
[Result "1-0"]
[WhiteElo "2053"]
[BlackElo "1845"]
[PlyCount "105"]
[EventDate "2015.10.09"]
[EventType "team-swiss"]
[EventRounds "6"]
[EventCountry "ARG"]
[SourceTitle "CBM 168 Extra"]
[Source "ChessBase"]
[SourceDate "2015.10.29"]
[SourceVersion "1"]
[SourceVersionDate "2015.10.29"]
[SourceQuality "1"]
[WhiteTeam "Neuquen A"]
[BlackTeam "Los Evita"]
[WhiteTeamCountry "ARG"]
[BlackTeamCountry "ARG"]

1. d4 Nf6 2. c3 d5 3. Nf3 c5 4. Bf4 Nc6 5. e3 e6 6. Bd3 Be7 7. Nbd2 0-0 8. Qe2 Qb6 9. b3 Qa5 10. Nb1 Ne4 11. Bxe4 dxe4 12. Nfd2 cxd4 13. exd4 Nxd4 14. cxd4 b6 15. 0-0 Ba6 16. Nc4 Qd5 17. Be3 b5 18. Nb2 Rac8 19. Na4 Qb7 20. Nb2 Rc6 21. Rc1 Rfc8 22. Rxc6 Rxc6 23. Qd1 Qc8 24. a4 e5 25. axb5 Bxb5 26. d5 Rg6 27. Kh1 f5 28. Nc4 Bxc4 29. bxc4 f4 30. Bxa7 e3 31. fxe3 Qxc4 32. Nd2 Qxd5 33. e4 Qd3 34. Qb3+ Qxb3 35. Nxb3 Rc6 36. Rc1 Ra6 37. Rc8+ Kf7 38. Rc7 Ke6 39. Bc5 Bf6 40. Rb7 Ra2 41. Bf8 Bh4 42. g3 fxg3 43. hxg3 Bxg3 44. Bxg7 Rc2 45. Bh6 Kf6 46. Rb6+ Kf7 47. Bg5 h5 48. Rf6+ Kg7 49. Rf5 Re2 50. Nc5 Bf2 51. Ne6+ Kg6 52. Rf6+ Kh7 53. Rf7+ 1-0

[Event "La Pampa Centro de la Republica "]
[Site "La Pampa"]
[Date "2015.10.11"]
[Round "4.2"]
[White "Schliamser, Federico"]
[Black "Arevalo, Santiago Martin"]
[Result "1/2-1/2"]
[WhiteElo "2003"]
[BlackElo "2053"]
[PlyCount "84"]
[EventDate "2015.10.09"]
[EventType "team-swiss"]
[EventRounds "6"]
[EventCountry "ARG"]
[SourceTitle "CBM 168 Extra"]
[Source "ChessBase"]
[SourceDate "2015.10.29"]
[SourceVersion "1"]
[SourceVersionDate "2015.10.29"]
[SourceQuality "1"]
[WhiteTeam "Pancho Freites"]
[BlackTeam "Neuquen A"]
[WhiteTeamCountry "ARG"]
[BlackTeamCountry "ARG"]

1. e4 e5 2. Nf3 d6 3. d4 exd4 4. Nxd4 Be7 5. Nc3 Nf6 6. Bf4 0-0 7. Qd2 Nc6 8. 0-0-0 Nd7 9. Nd5 Nb6 10. Nxe7+ Qxe7 11. f3 Nxd4 12. Qxd4 Be6 13. Kb1 Rad8 14. Be2 d5 15. Qe5 Rd7 16. exd5 Nxd5 17. Bc4 Nxf4 18. Rxd7 Qxd7 19. Qxf4 Bxc4 20. Qxc4 Rd8 21. a3 b5 22. Qc5 Re8 23. Qxa7 h6 24. Qf2 Qd5 25. Re1 Ra8 26. Qe2 Rb8 27. Qd3 Qg5 28. Qd7 Qxg2 29. Re8+ Rxe8 30. Qxe8+ Kh7 31. Qxf7 Qxh2 32. Qf5+ Kg8 33. Qxb5 h5 34. a4 h4 35. a5 h3 36. Qe8+ Kh7 37. Qe4+ g6 38. Ka2 Qd6 39. Qh4+ Kg7 40. Qxh3 Qd5+ 41. Kb1 Qd1+ 42. Ka2 Qd5+ 1/2-1/2